04199nam a22004935i 4500999001700000006001900017007001500036008004100051020003500092072001500127072001500142072002300157072001500180082001500195245010000210250001800310260002700328300006500355490004900420505134900469520112001818650002902938650001402967650001102981650001502992650002403007650002003031650002903051650001403080650001103094650003503105700008003140700008603220710003403306773002603340776003603366776003603402776003603438830004903474856004603523942001303569950005903582950006403641 c26868d26868a|||||o|||| 00| 0 cr nn 008mamaa181013s2019 sz | s |||| 0|eng d a9783319955681qOnline Resource 7aRN2bicssc 7aPN2bicssc 7aSCI0260002bisacsh 7aPNC2thema04a577.1422310aHazardous Chemicals Associated with Plastics in the Marine Environmenth[electronic resource] / a1st ed. 2019. aLondonbSpringerc2019 aXVI, 315 p. 40 illus., 30 illus. in color.bonline resource.1 aThe Handbook of Environmental Chemistry,v780 aAdditives and Chemicals in Plastics -- Food Containers and Packaging Materials as Possible Source of Hazardous Chemicals to Food -- Release of additives and monomers from plastic wastes -- Degradation of various plastics in the environment -- Occurrence of Marine Litter in the Marine Environment: A World Panorama of Floating and Seafloor Plastics -- Sources, Distribution, and Fate of Microscopic Plastics in Marine Environments -- Nature of Plastic Marine Pollution in the Subtropical Gyres -- Hazardous chemicals in plastics in marine environments: International Pellet Watch -- Sorption of hydrophobic organic compounds to plastics in marine environments: equilibrium -- Sorption of Hydrophobic Organic Compounds to Plastics in the Marine Environment: Sorption and Desorption Kinetics -- Biofilms on Plastic Debris and Their Influence on Marine Nutrient Cycling, Productivity, and Hazardous Chemical Mobility -- Ingestion of plastics by marine organisms -- Transfer of hazardous chemicals from ingested plastics to higher-trophic level organisms -- The Role of Plastic Debris as Another Source of Hazardous Chemicals in Lower-Trophic Level Organisms -- Conclusions of “Hazardous Chemicals Associated with Plastics in Environment” -- Erratum to: Food Containers and Packaging Materials as Possible Source of Hazardous Chemicals to Food. aThis volume consists of 15 chapters and focuses on hazardous chemicals, how they are associated with plastics, and their environmental risks. It includes background information on plastics and additives chemistry, and their observed or potential effects on living organisms as well as the oceanographic aspects of marine debris dispersion. The respective chapters provide insights into the sorption/desorption of chemicals in and out of plastics, the mechanisms and kinetics, but also the scale of the concentrations of chemicals found in marine debris, particularly in microplastics. The occurrence of the various chemicals is analyzed, as well as the distribution profiles of the chemicals in microplastics throughout the world’s oceans. The implications of the fact that plastics carry within them several chemicals are discussed in detail. In closing, new research topics that warrant further attention are identified. The book will appeal to all scientists who are already working or interested in starting to work on the topic of marine debris, as well as policymakers, NGOs and the broader informed public. 0aEnvironmental chemistry. 0aPolymers. 0aWater. 0aHydrology. 0aFreshwater ecology. 0aMarine ecology.14aEnvironmental Chemistry.24aPolymers.24aWater.24aFreshwater and Marine Ecology.1 aTakada, Hideshige.eeditor.4edt4http://id.loc.gov/vocabulary/relators/edt1 aKarapanagioti, Hrissi K.eeditor.4edt4http://id.loc.gov/vocabulary/relators/edt2 aSpringerLink (Online service)0 tSpringer Nature eBook08iPrinted edition:z978331995566708iPrinted edition:z978331995567408iPrinted edition:z9783030070595 0aThe Handbook of Environmental Chemistry,v7840uhttps://doi.org/10.1007/978-3-319-95568-1 2ddccEBK aEarth and Environmental Science (SpringerNature-11646) aEarth and Environmental Science (R0) (SpringerNature-43711)